The Reagan Administration : a reconstruction of American strength? /

Bibliographic Details
Other Authors: Haftendorn, Helga, (Editor), Schissler, Jakob, (Editor)
Format: eBook
Language:English
Published: Berlin ; New York : Walter de Gruyter, [1988]
Series:De Gruyter studies on North America ; 1.
Subjects:
Online Access:Click to View
LEADER 01539nam a2200397 i 4500
001 EBC5826156
003 MiAaPQ
005 20200520144314.0
006 m o d |
007 cr cnu||||||||
008 190730s1988 gw o 000 0 eng d
020 |a 9783110863673 (e-book) 
035 |a (MiAaPQ)EBC5826156 
035 |a (Au-PeEL)EBL5826156 
035 |a (OCoLC)1110484660 
040 |a MiAaPQ  |b eng  |e rda  |e pn  |c MiAaPQ  |d MiAaPQ 
043 |a n-us--- 
050 4 |a E876  |b .R434 1988 
082 0 |a 327.73  |2 23 
245 0 4 |a The Reagan Administration :  |b a reconstruction of American strength? /  |c edited by Helga Haftendorn and Jakob Schissler. 
264 1 |a Berlin ;  |a New York :  |b Walter de Gruyter,  |c [1988] 
264 4 |c 1988 
300 |a 1 online resource (xi, 306 pages). 
336 |a text  |b txt  |2 rdacontent 
337 |a computer  |b c  |2 rdamedia 
338 |a online resource  |b cr  |2 rdacarrier 
490 1 |a De Gruyter studies on North America ;  |v 1 
588 |a Description based on print version record. 
590 |a Electronic reproduction. Ann Arbor, MI : ProQuest, 2018. Available via World Wide Web. Access may be limited to ProQuest affiliated libraries. 
651 0 |a United States  |x Foreign relations  |y 1981-1989. 
655 4 |a Electronic books. 
700 1 |a Haftendorn, Helga,  |e editor. 
700 1 |a Schissler, Jakob,  |e editor. 
797 2 |a ProQuest (Firm) 
830 0 |a De Gruyter studies on North America ;  |v 1. 
856 4 0 |u https://ebookcentral.proquest.com/lib/matrademy/detail.action?docID=5826156  |z Click to View